U.S. State Capitals Quiz - Yellow Box Version - Statistics

General Stats
  • This quiz has been taken 23 times
  • The average score is 43 of 50
Answer Stats
State Capital City % Correct
Georgia Atlanta
100%
Idaho Boise
100%
Massachusetts Boston
100%
Ohio Columbus
100%
Colorado Denver
100%
Hawaii Honolulu
100%
Indiana Indianapolis
100%
Tennessee Nashville
100%
Oklahoma Oklahoma City
100%
Arizona Phoenix
100%
California Sacramento
100%
Florida Tallahassee
100%
New York Albany
91%
Texas Austin
91%
Iowa Des Moines
91%
Delaware Dover
91%
Mississippi Jackson
91%
Alaska Juneau
91%
Michigan Lansing
91%
Arkansas Little Rock
91%
Rhode Island Providence
91%
North Carolina Raleigh
91%
Utah Salt Lake City
91%
Illinois Springfield
91%
Maryland Annapolis
82%
Maine Augusta
82%
Louisiana Baton Rouge
82%
North Dakota Bismarck
82%
Nevada Carson City
82%
South Carolina Columbia
82%
New Hampshire Concord
82%
Pennsylvania Harrisburg
82%
Montana Helena
82%
Nebraska Lincoln
82%
Alabama Montgomery
82%
Washington Olympia
82%
Minnesota Saint Paul
82%
Oregon Salem
82%
New Mexico Santa Fe
82%
Kentucky Frankfort
73%
Connecticut Hartford
73%
South Dakota Pierre
73%
Virginia Richmond
73%
Kansas Topeka
73%
New Jersey Trenton
73%
Wyoming Cheyenne
64%
Missouri Jefferson City
64%
Wisconsin Madison
64%
Vermont Montpelier
64%
West Virginia Charleston
55%
No matching quizzes found
Score Distribution
Percent of People with Each Score
Percentile by Number Answered
Your Score History
You have not taken this quiz